La Ilíada / (Registro nro. 11044)
[ vista simple ]
| 000 -LIDER | |
|---|---|
| fixed length control field | 00893nam a2200313 a 4500 |
| 001 - NÚMERO DE CONTROL | |
| Identificador de número de control | 0000577 |
| 003 - IDENTIFICACDOR DE NÚMERO DE CONTROL | |
| control field | DO-SdBNP |
| 005 - DATE AND TIME OF LATEST TRANSACTION | |
| control field | 20180126103928.0 |
| 007 - CAMPOS FIJOS DE DESCRIPCIÓN FÍSICA | |
| fixed length control field | 0000577 |
| 008 - ELEMENTOS DE LONGITUD FIJA | |
| fixed length control field | 140711s1980 sp a 000 0 spa d |
| 020 ## - ISBN | |
| International Standard Book Number | 8424154150 |
| 040 ## - FUENTE DE CATALOGACIÓN | |
| Agencia que crea de manera original el registro | BPMET |
| Idioma de catalogación | spa |
| Agencia que realiza la transcripción | BPMET |
| 092 ## - LOCALLY ASSIGNED DEWEY DECIMAL CALL NUMBER | |
| Número de clasificación | 883.01 |
| Número de ítem (Cutter) | H766i |
| 100 1# - ASIENTO PRINCIPAL -- NOMBRE PERSONAL | |
| Nombre personal | Homero |
| Fechas asociadas con el nombre | ca.725 a.C. |
| 245 13 - MENCIÓN DE TITULO | |
| Título | La Ilíada / |
| Mención de responsabilidad | Homero ; adaptación José María Osorio ; ilustraciones Teo |
| 250 ## - MENCIÓN DE EDICION | |
| Mención de edición | 2a. ed. |
| 260 ## - PUBLICACIÓN, DISTRIBUCIÓN, ETC. (PIE DE IMPRENTA) | |
| Lugar de publicación, distribución, etc | León, España : |
| Nombre del editor, distribuidor, etc. | Everest, |
| Fecha de publicación, distribución, etc | 1980. |
| 300 ## - DESCRIPCIÓN FÍSICA | |
| Extensión | 93 p. ; |
| Otros detalles físicos | il. |
| Dimensiones | 27 cm. |
| 490 1# - MENCIÓN DE SERIES | |
| Mención de serie | Estrella polar |
| 500 ## - NOTA GENERAL | |
| Nota general | Incluye notas a pie de páginas. |
| 650 #4 - ENCABEZAMIENTO DE MATERIA--TEMÁTICO | |
| Término temático o nombre geográfico como elemento de entrada | POESÍA ÉPICA GRIEGA |
| 650 #4 - ENCABEZAMIENTO DE MATERIA--TEMÁTICO | |
| Término temático o nombre geográfico como elemento de entrada | LITERATURA GRIEGA |
| 700 12 - ASIENTO SECUNDARIO -- NOMBRE PERSONAL | |
| Nombre personal | Osorio, José María |
| Mención de responsabilidad | adap. |
| 700 12 - ASIENTO SECUNDARIO -- NOMBRE PERSONAL | |
| Nombre personal | Teo |
| Mención de responsabilidad | il. |
| 830 #0 - ASIENTO SECUNDARIO DE SERIE--TÍTULO UNIFORME | |
| Título uniforme | Estrella polar |
| 942 ## - ADDED ENTRY ELEMENTS (KOHA) | |
| Source of classification or shelving scheme | Dewey Decimal Classification |
| Koha item type | Libros |
| 945 ## - INFORMACIÓN DE PROCESAMIENTO LOCAL | |
| Información de procesamiento local | Inventariado extranjero / 2018 VM |
| 956 ## - LOCAL ELECTRONIC LOCATION AND ACCESS (OCLC) | |
| Nombre de host | YLOCKWARD |
| Número de acceso | 10 |
| Inicio de sesión | BND01 |
| Procesador de solicitud | 1027 |
| Withdrawn status | Lost status | Source of classification or shelving scheme | Damaged status | Not for loan | Collection code | Home library | Current library | Date acquired | Source of acquisition | Total Checkouts | Barcode | Date last seen | Price effective from | Koha item type |
|---|---|---|---|---|---|---|---|---|---|---|---|---|---|---|
| Dewey Decimal Classification | Colección General | Biblioteca Pública Metropolitana Salomé Ureña | Biblioteca Pública Metropolitana Salomé Ureña | 07/27/2016 | BPMSU16070672 | 07/27/2016 | 07/27/2016 | Libros |